[Event "ChessKid Youth U16 GpB"]
[Site "Chess.com INT"]
[Date "2025.06.07"]
[Round "8"]
[White "Adewumi, Tanitoluwa"]
[Black "Woodward, Andy"]
[Result "0-1"]
[WhiteElo "2362"]
[BlackElo "2567"]
[PlyCount "98"]
[EventDate "2025.06.07"]
[EventType "tourn (blitz)"]
[EventRounds "10"]
[EventCountry "USA"]
[EventCategory "9"]
[SourceTitle "CB26_2025"]
[SourceDate "2025.06.25"]
[SourceVersion "1"]
[SourceVersionDate "2025.06.25"]
[SourceQuality "1"]

1. Nf3 d5 2. b3 Bf5 3. Bb2 e6 4. g3 Nf6 5. Bg2 h6 6. 0-0 Nbd7 7. d3 c6 8. c4 Bd6 9. Nbd2 Bg6 10. a3 a5 11. Re1 0-0 12. Qc2 Qb6 13. Rab1 e5 14. b4 axb4 15. axb4 Qc7 16. c5 Be7 17. e4 dxe4 18. dxe4 Rfe8 19. Nc4 Bf8 20. Rbd1 Qb8 21. Bh3 Qc7 22. Qb3 Kh7 23. Nh4 b5 24. Nxg6 fxg6 25. Nd6 Red8 26. f4 exf4 27. gxf4 Qa7 28. Kh1 Qa2 29. Qc3 Be7 30. Rg1 Nf8 31. Rg2 Ra7 32. Qg3 Nxe4 33. Qf3 Nxd6 34. cxd6 Rxd6 35. Re1 Qf7 36. Be5 Rd5 37. Qe3 Bf6 38. Bxf6 gxf6 39. f5 g5 40. Bg4 Rad7 41. Qf3 Rd4 42. Bh5 Qd5 43. Bg6+ Nxg6 44. fxg6+ Kg7 45. Qf1 Rd2 46. Ree2 Rd1 47. Re1 Rxe1 48. Qxe1 Qf3 49. Kg1 Rd1 0-1

[Event "ChessKid Youth U16 GpB"]
[Site "Chess.com INT"]
[Date "2025.06.07"]
[Round "7"]
[White "Woodward, Andy"]
[Black "Mishra, Abhimanyu"]
[Result "1/2-1/2"]
[WhiteElo "2567"]
[BlackElo "2611"]
[PlyCount "138"]
[EventDate "2025.06.07"]
[EventType "tourn (blitz)"]
[EventRounds "10"]
[EventCountry "USA"]
[EventCategory "9"]
[SourceTitle "CB26_2025"]
[SourceDate "2025.06.25"]
[SourceVersion "1"]
[SourceVersionDate "2025.06.25"]
[SourceQuality "1"]

1. d4 d5 2. Nf3 Nf6 3. Bf4 c5 4. e3 Nc6 5. Nbd2 cxd4 6. exd4 Bf5 7. c3 e6 8. Qb3 Bd6 9. Bxd6 Qxd6 10. Bb5 0-0 11. a4 a6 12. Bxc6 bxc6 13. Qa3 Qxa3 14. Rxa3 Rfb8 15. b3 Nd7 16. 0-0 c5 17. Rc1 cxd4 18. cxd4 Rc8 19. Raa1 a5 20. Ne1 f6 21. f4 Kf7 22. Kf2 e5 23. fxe5 fxe5 24. dxe5 Nxe5 25. Ke3 Nc6 26. Ndf3 Nb4 27. Kd4 Ke6 28. h3 Kd6 29. Ke3 Re8+ 30. Kd2 Re4 31. Nc2 Nxc2 32. Rxc2 Rae8 33. Kd1 Re3 34. Rd2 Be4 35. Nd4 Rf8 36. Kc1 Rf1+ 37. Kb2 Rxa1 38. Kxa1 Rg3 39. h4 Rg4 40. b4 axb4 41. a5 Kc5 42. a6 Rg6 43. Ra2 Rxa6 44. Rxa6 Kxd4 45. Kb2 Ke3 46. Ra4 d4 47. Rxb4 d3 48. Kc3 Bxg2 49. Rb6 Be4 50. Rd6 h5 51. Rd7 g6 52. Rd6 Bf5 53. Rd8 Kf3 54. Kd2 Kg3 55. Rd4 Bg4 56. Rxd3+ Kxh4 57. Ke1 Bf5 58. Rc3 g5 59. Kf2 g4 60. Re3 Kg5 61. Rc3 h4 62. Rc7 Kf4 63. Rg7 g3+ 64. Kg1 h3 65. Rf7 h2+ 66. Kg2 Kg4 67. Rg7+ Kf4 68. Rxg3 h1Q+ 69. Kxh1 Kxg3 1/2-1/2

[Event "Titled Tuesday intern op 03rd Jan Late"]
[Site "Chess.com INT"]
[Date "2025.06.03"]
[Round "7"]
[White "Goryachkina, Aleksandra"]
[Black "Woodward, Andy"]
[Result "0-1"]
[WhiteElo "2544"]
[BlackElo "2547"]
[PlyCount "88"]
[EventDate "2025.06.03"]
[EventType "swiss (blitz)"]
[EventRounds "11"]
[EventCountry "USA"]
[SourceTitle "CB24_2025"]
[SourceDate "2025.06.11"]
[SourceVersion "1"]
[SourceVersionDate "2025.06.11"]
[SourceQuality "1"]

1. e4 c5 2. Nf3 d6 3. Bb5+ Nd7 4. 0-0 a6 5. Bd3 Ngf6 6. Re1 g6 7. c3 Bg7 8. Bc2 e5 9. d4 0-0 10. h3 b5 11. Nbd2 cxd4 12. cxd4 exd4 13. Nxd4 Bb7 14. Nf1 Re8 15. Ng3 Rc8 16. Bf4 Qb6 17. Rc1 Rc4 18. Be3 Qd8 19. b3 Rc8 20. f3 d5 21. Bf2 dxe4 22. Nxe4 Nxe4 23. Bxe4 Rxc1 24. Qxc1 Bxe4 25. Rxe4 Rxe4 26. fxe4 Ne5 27. Nf3 h5 28. Nxe5 Bxe5 29. h4 Kg7 30. g3 Qd3 31. Qe1 Kg8 32. Kg2 Qc2 33. Qe3 Qxa2 34. Qc5 Qb2 35. b4 Kg7 36. Kg1 Bc3 37. Qb6 Qb1+ 38. Kh2 Qxe4 39. Qxa6 Qxb4 40. Qa7 Be5 41. Qe3 Qxh4+ 42. Kg2 Qf6 43. Be1 Qc6+ 44. Kh2 Qd5 0-1

[Event "Titled Tuesday intern op 03rd Jan Late"]
[Site "Chess.com INT"]
[Date "2025.06.03"]
[Round "1"]
[White "Smirnov, Alexandr A"]
[Black "Woodward, Andy"]
[Result "0-1"]
[WhiteElo "2136"]
[BlackElo "2547"]
[PlyCount "94"]
[EventDate "2025.06.03"]
[EventType "swiss (blitz)"]
[EventRounds "11"]
[EventCountry "USA"]
[SourceTitle "CB24_2025"]
[SourceDate "2025.06.11"]
[SourceVersion "1"]
[SourceVersionDate "2025.06.11"]
[SourceQuality "1"]

1. e4 g6 2. d4 Bg7 3. Nc3 a6 4. a4 d6 5. h4 h6 6. Be3 Nc6 7. f3 Nf6 8. Qd2 Bd7 9. Bc4 Rb8 10. Nge2 Qc8 11. a5 e6 12. g4 Ne7 13. Ng3 Bc6 14. 0-0-0 Nd7 15. g5 h5 16. Qe2 b5 17. Bb3 b4 18. Nb1 Rb5 19. d5 exd5 20. exd5 Nxd5 21. Bd4+ Kf8 22. Bxg7+ Kxg7 23. Nd2 Qe8 24. Nde4 Qe5 25. Rhf1 Rxa5 26. Kb1 Bb5 27. Bc4 Bxc4 28. Qxc4 Ne3 29. Qd3 Nxf1 30. Rxf1 Nc5 31. Nxc5 Rxc5 32. f4 Qd5 33. Qe3 Rb8 34. b3 Rc3 35. Qg1 Rb5 36. f5 Qd2 37. Rc1 Re5 38. f6+ Kh7 39. Nf1 Qf4 40. Qa7 Rec5 41. Qb8 Rxb3+ 42. Ka2 Ra3+ 43. Kb2 Qd4+ 44. c3 Raxc3 45. Qf8 Rc2+ 46. Kb3 Qc3+ 47. Ka4 Qa3# 0-1

[Event "Titled Tuesday intern op 03rd Jan Late"]
[Site "Chess.com INT"]
[Date "2025.06.03"]
[Round "2"]
[White "Woodward, Andy"]
[Black "Gustafsson, Jan"]
[Result "0-1"]
[WhiteElo "2547"]
[BlackElo "2591"]
[PlyCount "178"]
[EventDate "2025.06.03"]
[EventType "swiss (blitz)"]
[EventRounds "11"]
[EventCountry "USA"]
[SourceTitle "CB24_2025"]
[SourceDate "2025.06.11"]
[SourceVersion "1"]
[SourceVersionDate "2025.06.11"]
[SourceQuality "1"]

1. Nf3 d5 2. b3 c5 3. Bb2 Nc6 4. e3 Nf6 5. Bb5 Bd7 6. 0-0 e6 7. c4 dxc4 8. bxc4 Be7 9. Nc3 0-0 10. Rb1 Rc8 11. Ne2 a6 12. Ba4 Na5 13. Bc3 Nxc4 14. Rxb7 Nd6 15. Rb1 Nd5 16. Ba1 Bb5 17. Bc2 Nb4 18. Bb3 Bd3 19. Rb2 Bf6 20. Rb1 Bxb1 21. Bxf6 Qxf6 22. Qxb1 c4 23. Ba4 Nd3 24. Qb6 e5 25. Bd7 Rcd8 26. Bh3 Ne4 27. Qc7 Ndc5 28. Ng3 Qd6 29. Qa5 Nxg3 30. hxg3 Ne4 31. Nxe5 Nxd2 32. Rc1 Qd5 33. Qc7 Ne4 34. Nc6 Qd2 35. Rf1 c3 36. Nxd8 Rxd8 37. Bf5 Nf6 38. Qc6 h5 39. a4 a5 40. Qb6 Rd6 41. Qxa5 g6 42. Bb1 Ng4 43. Qc5 Rf6 44. f4 Nxe3 45. Be4 Nxf1 46. Kxf1 Re6 47. Qc4 c2 48. Qxc2 Qxc2 49. Bxc2 Re3 50. Bd1 Rxg3 51. Bf3 g5 52. a5 g4 53. Kf2 h4 54. Bb7 Ra3 55. a6 Kg7 56. Bc8 g3+ 57. Ke2 Kf6 58. Kd2 Ke7 59. Kc2 Kd6 60. Kb2 Ra5 61. Kc3 Kc7 62. Bh3 Kb6 63. Kd4 Kxa6 64. Ke4 Kb6 65. Kf3 f5 66. Ke3 Kc6 67. Bxf5 Rxf5 68. Ke4 Rf8 69. f5 Kd6 70. Kf4 Rg8 71. f6 Ke6 72. f7 Kxf7 73. Kf5 Rg6 74. Kf4 Kf6 75. Kf3 Rg5 76. Kf4 Kg6 77. Kf3 Rf5+ 78. Kg4 Rf2 79. Kh3 Kf6 80. Kg4 Rxg2 81. Kh3 Rf2 82. Kg4 Rf5 83. Kh3 Rg5 84. Kg2 Kg6 85. Kh3 Kh5 86. Kg2 h3+ 87. Kxh3 g2 88. Kh2 g1Q+ 89. Kh3 Qg3# 0-1

[Event "Titled Tuesday intern op 03rd Jan Late"]
[Site "Chess.com INT"]
[Date "2025.06.03"]
[Round "6"]
[White "Woodward, Andy"]
[Black "Panarin, Mikhail"]
[Result "0-1"]
[WhiteElo "2547"]
[BlackElo "2562"]
[PlyCount "124"]
[EventDate "2025.06.03"]
[EventType "swiss (blitz)"]
[EventRounds "11"]
[EventCountry "USA"]
[SourceTitle "CB24_2025"]
[SourceDate "2025.06.11"]
[SourceVersion "1"]
[SourceVersionDate "2025.06.11"]
[SourceQuality "1"]

1. e4 c6 2. Nf3 d5 3. Nc3 dxe4 4. Nxe4 Nf6 5. Nxf6+ exf6 6. d4 Bd6 7. Bd3 0-0 8. 0-0 Na6 9. c3 Nc7 10. h3 Be6 11. Qc2 g6 12. Bh6 Re8 13. Rfe1 Qd7 14. Bf1 b5 15. a4 a6 16. Nd2 f5 17. c4 bxc4 18. Nxc4 Rab8 19. Bd2 Bd5 20. Rxe8+ Nxe8 21. Re1 Bc7 22. Ne5 Bxe5 23. Rxe5 Bb3 24. Qc5 Be6 25. d5 cxd5 26. Bc3 Qxa4 27. Re1 h5 28. Bd3 Rc8 29. Qe7 d4 30. Bb4 Nc7 31. Bd6 Qd7 32. Ra1 Qxe7 33. Bxe7 Kg7 34. Bd6 h4 35. Be5+ f6 36. Bd6 Bd7 37. Re1 Nd5 38. Bb1 Bb5 39. Ba2 Rd8 40. Bc5 d3 41. Bb3 Nf4 42. Re7+ Kh6 43. Be3 g5 44. Rf7 Re8 45. Rxf6+ Kg7 46. Rd6 Ne2+ 47. Kh2 f4 48. Bd2 Rc8 49. Ba5 Rc1 50. Be6 Kg6 51. Bc4+ Kg7 52. Bxb5 axb5 53. Rxd3 Rc2 54. Rd5 Kg6 55. Rxb5 Nc1 56. Bb6 Nd3 57. Bd4 Rd2 58. Rb6+ Kf5 59. f3 Ne5 60. Rb4 Nxf3+ 61. Kh1 Rd1+ 62. Bg1 Rxg1# 0-1

[Event "Sharjah Masters-A 8th"]
[Site "Sharjah"]
[Date "2025.05.25"]
[Round "9"]
[White "Salem, AR Saleh"]
[Black "Woodward, Andy"]
[Result "1/2-1/2"]
[WhiteElo "2631"]
[BlackElo "2547"]
[PlyCount "69"]
[EventDate "2025.05.17"]
[EventType "swiss"]
[EventRounds "9"]
[EventCountry "UAE"]
[SourceTitle "CB22_2025"]
[SourceDate "2025.05.28"]
[SourceVersion "1"]
[SourceVersionDate "2025.05.28"]
[SourceQuality "1"]

1. d4 Nf6 2. c4 e6 3. Nf3 d5 4. Nc3 Nbd7 5. Bg5 Bb4 6. e3 c5 7. cxd5 exd5 8. Bd3 Qa5 9. Qc2 c4 10. Bf5 0-0 11. 0-0 Re8 12. Nd2 Ne4 13. Bxe4 dxe4 14. Bf4 Nb6 15. Ndxe4 Bf5 16. a3 Bf8 17. f3 Nd5 18. Nxd5 Qxd5 19. Nc3 Qd7 20. Qf2 Bd3 21. Rfd1 Rad8 22. h3 b5 23. e4 Qxd4 24. Qxd4 Rxd4 25. Nxb5 Rd7 26. Nc3 Rb7 27. Rd2 Bc5+ 28. Kh1 Bd4 29. Na4 h6 30. Re1 f5 31. Bd6 fxe4 32. fxe4 Bf6 33. Bg3 Rxe4 34. Rxe4 Bxe4 35. Nc5 1/2-1/2

[Event "Sharjah Masters-A 8th"]
[Site "Sharjah"]
[Date "2025.05.24"]
[Round "8"]
[White "Woodward, Andy"]
[Black "Azarov, Sergei Nikolaevich"]
[Result "1-0"]
[WhiteElo "2547"]
[BlackElo "2596"]
[PlyCount "63"]
[EventDate "2025.05.17"]
[EventType "swiss"]
[EventRounds "9"]
[EventCountry "UAE"]
[SourceTitle "CB22_2025"]
[SourceDate "2025.05.28"]
[SourceVersion "1"]
[SourceVersionDate "2025.05.28"]
[SourceQuality "1"]

1. d4 Nf6 2. c4 e6 3. g3 c5 4. d5 exd5 5. cxd5 d6 6. Nc3 g6 7. Bg2 Bg7 8. Nf3 0-0 9. 0-0 Re8 10. Bf4 Bf5 11. Nh4 Bc8 12. Qd2 Bf8 13. Rfe1 Nbd7 14. Nf3 a6 15. a4 Rb8 16. Rab1 c4 17. b4 cxb3 18. Nd4 Ne5 19. Rxb3 Bd7 20. Reb1 Qc7 21. Rc1 Rbc8 22. Qb2 Nc4 23. Qa2 Bg7 24. e3 Nh5 25. Nce2 Nxf4 26. gxf4 Qa5 27. Rxb7 Nxe3 28. Nc6 Rxc6 29. dxc6 Be6 30. Qxe6 fxe6 31. c7 Nd5 32. Bxd5 1-0

[Event "Sharjah Masters-A 8th"]
[Site "Sharjah"]
[Date "2025.05.22"]
[Round "6"]
[White "Woodward, Andy"]
[Black "Kozak, Adam"]
[Result "1/2-1/2"]
[WhiteElo "2547"]
[BlackElo "2578"]
[PlyCount "55"]
[EventDate "2025.05.17"]
[EventType "swiss"]
[EventRounds "9"]
[EventCountry "UAE"]
[SourceTitle "CB22_2025"]
[SourceDate "2025.05.28"]
[SourceVersion "1"]
[SourceVersionDate "2025.05.28"]
[SourceQuality "1"]

1. d4 Nf6 2. c4 e6 3. g3 d5 4. Bg2 dxc4 5. Qa4+ Nbd7 6. Qxc4 a6 7. Be3 Nb6 8. Qb3 Ng4 9. Nf3 Nxe3 10. Qxe3 g6 11. Nc3 Bg7 12. Rd1 0-0 13. h4 Nd5 14. Qc1 Nxc3 15. bxc3 c5 16. Qa3 Qc7 17. 0-0 b6 18. Ng5 Bb7 19. d5 Bxd5 20. Bxd5 exd5 21. Rxd5 Qe7 22. e3 h6 23. Nh3 Rfd8 24. Rxd8+ Qxd8 25. c4 Be5 26. Qb3 Qd7 27. Nf4 Bxf4 28. exf4 1/2-1/2

[Event "Sharjah Masters-A 8th"]
[Site "Sharjah"]
[Date "2025.05.18"]
[Round "2"]
[White "Woodward, Andy"]
[Black "Predke, Alexandr"]
[Result "1-0"]
[WhiteElo "2547"]
[BlackElo "2631"]
[PlyCount "121"]
[EventDate "2025.05.17"]
[EventType "swiss"]
[EventRounds "9"]
[EventCountry "UAE"]
[SourceTitle "CB22_2025"]
[SourceDate "2025.05.28"]
[SourceVersion "1"]
[SourceVersionDate "2025.05.28"]
[SourceQuality "1"]

1. d4 Nf6 2. c4 e6 3. g3 c5 4. d5 exd5 5. cxd5 d6 6. Nc3 g6 7. Bg2 Bg7 8. Nf3 0-0 9. 0-0 Re8 10. Bf4 h6 11. Qc1 g5 12. Bd2 Bf5 13. h4 g4 14. Nh2 h5 15. Bf4 Ne4 16. Bxe4 Bxe4 17. Bg5 Qa5 18. Nxe4 Rxe4 19. Bh6 f6 20. Qc2 Qa4 21. b3 Qe8 22. Bf4 Na6 23. e3 Nb4 24. Qd2 Qb5 25. Rfd1 f5 26. Rab1 Qa6 27. a3 Qxa3 28. Bxd6 b6 29. Bc7 Qa2 30. Qe1 Re7 31. d6 Rd7 32. Qf1 Qa6 33. Qg2 Re8 34. Nf1 Qb5 35. Nd2 Qc6 36. Qf1 Nd5 37. Qg2 Qa8 38. Rbc1 Nc3 39. Qf1 Nxd1 40. Rxd1 Qd5 41. Qb5 Qf7 42. Nc4 Qe6 43. Qa4 f4 44. exf4 Bd4 45. Ne5 Bxe5 46. Re1 Qf7 47. fxe5 Rf8 48. Qc4 Qxc4 49. bxc4 Rxc7 50. dxc7 Kf7 51. e6+ Ke7 52. Re5 a6 53. Rxh5 Rc8 54. Kf1 Kd6 55. Rh7 b5 56. e7 b4 57. Ke2 a5 58. Rf7 b3 59. Kd2 Re8 60. Rf8 b2 61. Kc2 1-0

[Event "Sharjah Masters-A 8th"]
[Site "Sharjah"]
[Date "2025.05.17"]
[Round "1"]
[White "Sevian, Samuel"]
[Black "Woodward, Andy"]
[Result "1/2-1/2"]
[WhiteElo "2694"]
[BlackElo "2547"]
[PlyCount "61"]
[EventDate "2025.05.17"]
[EventType "swiss"]
[EventRounds "9"]
[EventCountry "UAE"]
[SourceTitle "CB22_2025"]
[SourceDate "2025.05.28"]
[SourceVersion "1"]
[SourceVersionDate "2025.05.28"]
[SourceQuality "1"]

1. e4 c5 2. Nf3 d6 3. d4 cxd4 4. Nxd4 Nf6 5. Nc3 a6 6. Bg5 Nbd7 7. a3 h6 8. Bxf6 Nxf6 9. Bc4 g6 10. Qd3 Bg7 11. 0-0-0 0-0 12. Ba2 Bd7 13. h4 Qa5 14. f4 Rac8 15. Rhe1 Bg4 16. e5 Nh5 17. Nd5 Kh8 18. e6 fxe6 19. b4 Qa4 20. Nb6 Qe8 21. g3 Rc6 22. Nxc6 Qxc6 23. Bxe6 Bxd1 24. Nd5 Bxc2 25. Qxc2 Qxc2+ 26. Kxc2 Nxg3 27. Nxe7 Kh7 28. Re3 Nf1 29. Re1 Ng3 30. Re3 Nf1 31. Re1 1/2-1/2

[Event "Menorca op-A 4th"]
[Site "Ciutadella"]
[Date "2025.04.23"]
[Round "3"]
[White "Woodward, Andy"]
[Black "Maiwald, Jens Uwe"]
[Result "1-0"]
[WhiteElo "2536"]
[BlackElo "2423"]
[PlyCount "51"]
[EventDate "2025.04.22"]
[EventType "swiss"]
[EventRounds "9"]
[EventCountry "ESP"]
[SourceTitle "CB18_2025"]
[SourceDate "2025.04.30"]
[SourceVersion "1"]
[SourceVersionDate "2025.04.30"]
[SourceQuality "1"]

1. d4 Nf6 2. c4 e6 3. g3 Bb4+ 4. Bd2 Qe7 5. Bg2 Nc6 6. e3 e5 7. d5 Bxd2+ 8. Qxd2 Nb8 9. d6 Qxd6 10. Qxd6 cxd6 11. Nc3 Na6 12. 0-0-0 Ke7 13. h3 Nc7 14. g4 Rb8 15. a4 a6 16. b4 a5 17. g5 Nfe8 18. b5 b6 19. f4 h6 20. h4 Ne6 21. Nge2 g6 22. Kb2 N8c7 23. h5 hxg5 24. hxg6 Rg8 25. f5 Nf8 26. gxf7 1-0

[Event "Titled Tuesday intern op 18th Mar Late"]
[Site "Chess.com INT"]
[Date "2025.03.18"]
[Round "7"]
[White "Souleidis, Georgios"]
[Black "Woodward, Andy"]
[Result "0-1"]
[WhiteElo "2418"]
[BlackElo "2536"]
[PlyCount "42"]
[EventDate "2025.03.18"]
[EventType "swiss (blitz)"]
[EventRounds "11"]
[EventCountry "USA"]
[SourceTitle "CB13_2025"]
[SourceDate "2025.03.26"]
[SourceVersion "1"]
[SourceVersionDate "2025.03.26"]
[SourceQuality "1"]

1. e4 c5 2. Be2 a6 3. f4 b5 4. Nh3 Bb7 5. d3 d5 6. 0-0 dxe4 7. Nc3 Nf6 8. Ng5 exd3 9. Bf3 Nc6 10. cxd3 e6 11. Be3 Be7 12. Nge4 Nxe4 13. Nxe4 Nd4 14. Rc1 Rc8 15. Kh1 0-0 16. a4 Nxf3 17. Qxf3 Qxd3 18. Bxc5 Bxe4 19. Qxd3 Bxd3 20. Bxe7 Bxf1 21. Rxf1 Rfe8 0-1

[Event "Titled Tuesday intern op 18th Mar Late"]
[Site "Chess.com INT"]
[Date "2025.03.18"]
[Round "11"]
[White "Woodward, Andy"]
[Black "Fiorito, Joaquin"]
[Result "1-0"]
[WhiteElo "2536"]
[BlackElo "2402"]
[PlyCount "87"]
[EventDate "2025.03.18"]
[EventType "swiss (blitz)"]
[EventRounds "11"]
[EventCountry "USA"]
[SourceTitle "CB13_2025"]
[SourceDate "2025.03.26"]
[SourceVersion "1"]
[SourceVersionDate "2025.03.26"]
[SourceQuality "1"]

1. Nf3 Nf6 2. g3 g6 3. Bg2 Bg7 4. 0-0 0-0 5. c4 d6 6. Nc3 a5 7. e4 Nc6 8. d4 Bg4 9. Be3 e5 10. d5 Ne7 11. h3 Bxf3 12. Bxf3 Nd7 13. Bg2 f5 14. Qd2 f4 15. gxf4 exf4 16. Bxf4 Nb6 17. Bg3 Nxc4 18. Qe2 Nb6 19. f4 a4 20. Rac1 a3 21. b3 Qd7 22. Qg4 c6 23. Bf2 c5 24. Be3 Rae8 25. Qxd7 Nxd7 26. Nb5 Nxd5 27. Bd2 Nb4 28. Bxb4 cxb4 29. Nxd6 Bd4+ 30. Kh1 Rd8 31. e5 Be3 32. Rc4 Nb6 33. Re4 Bd2 34. Nxb7 Rd3 35. e6 Re8 36. f5 gxf5 37. Rxf5 Bh6 38. Bf1 Rd2 39. e7 Kg7 40. Nd8 Rdxd8 41. Rg4+ Kh8 42. exd8N Rxd8 43. Rf7 Nd5 44. Bd3 1-0

[Event "Titled Tuesday intern op 04th Mar Early"]
[Site "Chess.com INT"]
[Date "2025.03.04"]
[Round "4"]
[White "Askarov, Bakhtiyar"]
[Black "Woodward, Andy"]
[Result "1-0"]
[WhiteElo "2314"]
[BlackElo "2536"]
[PlyCount "63"]
[EventDate "2025.03.04"]
[EventType "swiss (blitz)"]
[EventRounds "11"]
[EventCountry "USA"]
[SourceTitle "CB11_2025"]
[SourceDate "2025.03.12"]
[SourceVersion "1"]
[SourceVersionDate "2025.03.12"]
[SourceQuality "1"]

1. e4 c5 2. Nc3 d6 3. g3 g6 4. Bg2 Bg7 5. Nge2 Nc6 6. d3 Nf6 7. 0-0 0-0 8. h3 Bd7 9. f4 Rb8 10. g4 b5 11. Ng3 a5 12. Nce2 b4 13. Be3 a4 14. Qd2 Ne8 15. Rab1 Nc7 16. f5 Nb5 17. Bh6 a3 18. Bxg7 Kxg7 19. b3 Ncd4 20. Rf2 f6 21. h4 e5 22. Rbf1 Qe7 23. g5 Kh8 24. fxg6 fxg5 25. Rf7 Rxf7 26. Rxf7 Qe6 27. Rxh7+ Kg8 28. Qxg5 Rf8 29. Rh8+ Kg7 30. Nh5+ Kxh8 31. Qh6+ Kg8 32. Qg7# 1-0

[Event "Titled Tuesday intern op 04th Mar Early"]
[Site "Chess.com INT"]
[Date "2025.03.04"]
[Round "9"]
[White "Woodward, Andy"]
[Black "Firouzja, Alireza"]
[Result "1-0"]
[WhiteElo "2536"]
[BlackElo "2757"]
[PlyCount "77"]
[EventDate "2025.03.04"]
[EventType "swiss (blitz)"]
[EventRounds "11"]
[EventCountry "USA"]
[SourceTitle "CB11_2025"]
[SourceDate "2025.03.12"]
[SourceVersion "1"]
[SourceVersionDate "2025.03.12"]
[SourceQuality "1"]

1. d4 Nf6 2. c4 g6 3. Nc3 Bg7 4. e4 d6 5. Be2 0-0 6. Be3 Nc6 7. d5 Ne5 8. f4 Neg4 9. Bd2 Nh6 10. h3 e6 11. dxe6 fxe6 12. g4 Nf7 13. Qc2 g5 14. fxg5 Nd7 15. Nf3 Nde5 16. Nxe5 Bxe5 17. 0-0-0 Nxg5 18. h4 Nf3 19. Be3 Nxh4 20. g5 Ng6 21. Bh5 Nf4 22. Rdg1 Kg7 23. Bg4 Rf7 24. Kb1 Ng6 25. Qg2 Bd7 26. Qh3 Qg8 27. Bh5 Kf8 28. Nb5 Bxb5 29. cxb5 Re8 30. Bg4 Nf4 31. Qh4 Qg6 32. Bf3 Ke7 33. Rc1 Kd8 34. Rhd1 Nd3 35. Bh5 Qg7 36. Bxf7 Bxb2 37. Rxd3 Bxc1 38. Bxc1 Qxf7 39. g6+ 1-0

[Event "Titled Tuesday intern op 04th Mar Early"]
[Site "Chess.com INT"]
[Date "2025.03.04"]
[Round "6"]
[White "Woodward, Andy"]
[Black "Liyanage, Ranindu Dilshan"]
[Result "1-0"]
[WhiteElo "2536"]
[BlackElo "2402"]
[PlyCount "59"]
[EventDate "2025.03.04"]
[EventType "swiss (blitz)"]
[EventRounds "11"]
[EventCountry "USA"]
[SourceTitle "CB11_2025"]
[SourceDate "2025.03.12"]
[SourceVersion "1"]
[SourceVersionDate "2025.03.12"]
[SourceQuality "1"]

1. g3 g6 2. Bg2 Bg7 3. d4 d5 4. Nf3 Nf6 5. 0-0 0-0 6. c4 c6 7. b3 Bf5 8. Bb2 Nbd7 9. Nc3 Rc8 10. Rc1 Ne4 11. Nh4 Nxc3 12. Bxc3 Be6 13. e4 Nb6 14. exd5 cxd5 15. c5 Na8 16. Re1 Qd7 17. b4 Nc7 18. a4 a6 19. Nf3 Bg4 20. Qb3 Bh3 21. Bxh3 Qxh3 22. Rxe7 Rfe8 23. Rxf7 Qg4 24. Rf4 Qe6 25. Re1 Qd7 26. Ne5 Bxe5 27. dxe5 Ne6 28. Rf6 d4 29. Bxd4 Kg7 30. Be3 1-0

[Event "Titled Tuesday intern op 04th Mar Early"]
[Site "Chess.com INT"]
[Date "2025.03.04"]
[Round "8"]
[White "Woodward, Andy"]
[Black "Svane, Rasmus"]
[Result "1-0"]
[WhiteElo "2536"]
[BlackElo "2627"]
[PlyCount "63"]
[EventDate "2025.03.04"]
[EventType "swiss (blitz)"]
[EventRounds "11"]
[EventCountry "USA"]
[SourceTitle "CB11_2025"]
[SourceDate "2025.03.12"]
[SourceVersion "1"]
[SourceVersionDate "2025.03.12"]
[SourceQuality "1"]

1. d4 d5 2. Nf3 e6 3. Bf4 Bd6 4. e3 Nf6 5. Nbd2 0-0 6. Bd3 c5 7. dxc5 Bxc5 8. c4 Nc6 9. 0-0 Be7 10. Qe2 Nh5 11. cxd5 exd5 12. Be5 Nxe5 13. Nxe5 Nf6 14. Nb3 Bd6 15. Nf3 Bg4 16. h3 Bh5 17. Rfd1 Re8 18. Nbd4 Bxf3 19. Qxf3 Be5 20. Rac1 Bxd4 21. exd4 Qb6 22. b3 Rac8 23. Qf4 h6 24. Bf5 Rxc1 25. Rxc1 Ne4 26. Bxe4 dxe4 27. Rc7 Rf8 28. d5 Qd4 29. Rxb7 Qxd5 30. Rxa7 Rc8 31. Re7 Rc1+ 32. Qxc1 1-0

[Event "Titled Tuesday intern op 25th Feb Early"]
[Site "Chess.com INT"]
[Date "2025.02.25"]
[Round "11"]
[White "Maksimovic, Bojan"]
[Black "Woodward, Andy"]
[Result "0-1"]
[WhiteElo "2505"]
[BlackElo "2544"]
[PlyCount "58"]
[EventDate "2025.02.25"]
[EventType "swiss (blitz)"]
[EventRounds "11"]
[EventCountry "USA"]
[SourceTitle "CB10_2025"]
[SourceDate "2025.03.05"]
[SourceVersion "1"]
[SourceVersionDate "2025.03.05"]
[SourceQuality "1"]

1. Nf3 d5 2. d4 Nf6 3. e3 g6 4. c4 Bg7 5. cxd5 0-0 6. Be2 b6 7. 0-0 Bb7 8. Qc2 a5 9. e4 e6 10. dxe6 Bxe4 11. exf7+ Rxf7 12. Qd1 Re7 13. Nc3 Bb7 14. Bc4+ Kh8 15. Ne5 Qf8 16. Bg5 Nc6 17. Nxc6 Bxc6 18. d5 Rd7 19. Bxf6 Qxf6 20. Qc2 Bb7 21. Rae1 Rf8 22. h3 c6 23. dxc6 Qxc6 24. Ne4 Rc8 25. b3 b5 26. Qe2 bxc4 27. bxc4 Re7 28. f3 Qxc4 29. Qd2 Qd4+ 0-1

[Event "Titled Tuesday intern op 04th Feb Early"]
[Site "Chess.com INT"]
[Date "2025.02.04"]
[Round "8"]
[White "Dragnev, Valentin"]
[Black "Woodward, Andy"]
[Result "0-1"]
[WhiteElo "2550"]
[BlackElo "2544"]
[PlyCount "120"]
[EventDate "2025.02.04"]
[EventType "swiss (blitz)"]
[EventRounds "11"]
[EventCountry "USA"]
[SourceTitle "CB07_2025"]
[SourceDate "2025.02.12"]
[SourceVersion "1"]
[SourceVersionDate "2025.02.12"]
[SourceQuality "1"]

1. Nf3 Nf6 2. c4 g6 3. b3 Bg7 4. Bb2 0-0 5. g3 b6 6. Bg2 Bb7 7. 0-0 e6 8. Nc3 d5 9. cxd5 exd5 10. d4 Qe7 11. Rc1 c5 12. dxc5 bxc5 13. Na4 Na6 14. Re1 Rac8 15. Qd2 Ne4 16. Qa5 d4 17. Nd2 Nxd2 18. Qxd2 Bxg2 19. Kxg2 Nb4 20. Ba3 a5 21. Kg1 h5 22. Rc4 h4 23. Rec1 h3 24. Nxc5 Rfe8 25. Nd3 Rxc4 26. bxc4 Qe4 27. f3 Qxe2 28. Qxe2 Rxe2 29. Bxb4 axb4 30. c5 Bh6 31. f4 Bf8 32. c6 Re8 33. Kf2 Bd6 34. Ne5 Kg7 35. Kf3 Ra8 36. c7 Rc8 37. Rc6 Bxc7 38. Nd3 Re8 39. Nc5 Re3+ 40. Kg4 Bd8 41. Kxh3 Be7 42. Nb3 d3 43. Rc7 Bf6 44. Rd7 Bc3 45. Kg4 Kf8 46. h4 f5+ 47. Kh3 Be1 48. Kg2 Bxg3 49. Nd4 Bxf4 50. Nc6 Ke8 51. Rd4 Bh6 52. Nxb4 Re2+ 53. Kf3 Re3+ 54. Kf2 Re4 55. Rxe4+ fxe4 56. Nd5 Kf7 57. Nc3 e3+ 58. Kf3 Ke6 59. a4 Ke5 60. a5 Kd4 0-1